The elusive quest for growth : (Record no. 3706)
[ view plain ]
| 000 -LEADER | |
|---|---|
| fixed length control field | 02653cam a22003494a 4500 |
| 001 - CONTROL NUMBER | |
| control field | 12249284 |
| 003 - CONTROL NUMBER IDENTIFIER | |
| control field | Nust |
| 005 - DATE AND TIME OF LATEST TRANSACTION | |
| control field | 20180117090011.0 |
| 008 - FIXED-LENGTH DATA ELEMENTS--GENERAL INFORMATION | |
| fixed length control field | 001205s2001 maua b 001 0 eng |
| 010 ## - LIBRARY OF CONGRESS CONTROL NUMBER | |
| LC control number | 00068382 |
| 020 ## - INTERNATIONAL STANDARD BOOK NUMBER | |
| International Standard Book Number | 026205065X (hc. : alk. paper) |
| 040 ## - CATALOGING SOURCE | |
| Original cataloging agency | DLC |
| Transcribing agency | DLC |
| Modifying agency | DLC |
| 042 ## - AUTHENTICATION CODE | |
| Authentication code | pcc |
| 043 ## - GEOGRAPHIC AREA CODE | |
| Geographic area code | d------ |
| 050 00 - LIBRARY OF CONGRESS CALL NUMBER | |
| Classification number | HC59.72.P6 |
| Item number | E17 2001 |
| 082 00 - DEWEY DECIMAL CLASSIFICATION NUMBER | |
| Classification number | 338.9/009172/4 |
| Edition number | 21 |
| 100 1# - MAIN ENTRY--PERSONAL NAME | |
| Personal name | Easterly, William, |
| Dates associated with a name | 1957- |
| 245 14 - TITLE STATEMENT | |
| Title | The elusive quest for growth : |
| Remainder of title | economists' adventures and misadventures in the tropics / |
| Statement of responsibility, etc. | William Easterly. |
| 260 ## - PUBLICATION, DISTRIBUTION, ETC. | |
| Place of publication, distribution, etc. | Cambridge, Mass. : |
| Name of publisher, distributor, etc. | MIT Press, |
| Date of publication, distribution, etc. | c2001. |
| 300 ## - PHYSICAL DESCRIPTION | |
| Extent | xiii, 342 p. : |
| Other physical details | ill. ; |
| Dimensions | 24 cm. |
| 504 ## - BIBLIOGRAPHY, ETC. NOTE | |
| Bibliography, etc. note | Includes bibliographical references (p. [313]-333) and index. |
| 505 8# - FORMATTED CONTENTS NOTE | |
| Formatted contents note | Machine generated contents note: I Why Growth Matters 1 -- 1 To Help the Poor 5 -- Intermezzo: In Search of a River 16 -- II Panaceas That Failed 21 -- 2 Aid for Investment 25 -- Intermezzo: Parmila 45 -- 3 Solow's Surprise: Investment Is Not the Key to Growth 47 -- Intermezzo: Dry Cornstalks 70 -- 4 Educated for What? 71 -- Intermezzo: Without a Refuge 85 -- 5 Cash for Condoms? 87 -- Intermezzo: Tomb Paintings 99 -- 6 The Loans That Were, the Growth That Wasn't 101 -- Intermezzo: Leila's Story 121 -- 7 Forgive Us Our Debts 123 -- Intermezzo: Cardboard House 138 -- III People Respond to Incentives 141 -- 8 Tales of Increasing Returns: Leaks, Matches, and Traps 145 -- Intermezzo: War and Memory 170 -- 9 Creative Destruction: The Power of Technology 171 -- Intermezzo: Accident in Jamaica 193 -- 10 Under an Evil Star 195 -- Intermezzo: Favela Life 215 -- 11 Governments Can Kill Growth 217 -- Intermezzo: Florence and Veronica 240 -- 12 Corruption and Growth 241 -- Intermezzo: Discrimination in Palanpur 253 -- 13 Polarized Peoples 255 -- Intermezzo: Violent for Centuries 282 -- 14 Conclusion: The View from Lahore 285 -- Notes 293 -- References and Further Reading 313 -- Index 335. |
| 650 #0 - SUBJECT ADDED ENTRY--TOPICAL TERM | |
| Topical term or geographic name entry element | Poor |
| Geographic subdivision | Developing countries. |
| 650 #0 - SUBJECT ADDED ENTRY--TOPICAL TERM | |
| Topical term or geographic name entry element | Poverty |
| Geographic subdivision | Developing countries. |
| 651 #0 - SUBJECT ADDED ENTRY--GEOGRAPHIC NAME | |
| Geographic name | Developing countries |
| General subdivision | Economic policy. |
| 856 41 - ELECTRONIC LOCATION AND ACCESS | |
| Materials specified | Table of contents |
| Uniform Resource Identifier | <a href="http://www.loc.gov/catdir/toc/fy02/00068382.html">http://www.loc.gov/catdir/toc/fy02/00068382.html</a> |
| 906 ## - LOCAL DATA ELEMENT F, LDF (RLIN) | |
| a | 7 |
| b | cbc |
| c | orignew |
| d | 1 |
| e | ocip |
| f | 20 |
| g | y-gencatlg |
| 942 ## - ADDED ENTRY ELEMENTS (KOHA) | |
| Source of classification or shelving scheme | |
| Koha item type | Book |
| Withdrawn status | Lost status | Source of classification or shelving scheme | Damaged status | Not for loan | Collection code | Permanent Location | Current Location | Shelving location | Date acquired | Total Checkouts | Total Renewals | Full call number | Barcode | Date last seen | Date last checked out | Price effective from | Koha item type |
|---|---|---|---|---|---|---|---|---|---|---|---|---|---|---|---|---|---|
| Central Library (CL) | Central Library (CL) | General Stacks | 11/24/2016 | 1 | 2 | 338.9/009172/4 EAS | S3H-N-1234 | 05/28/2024 | 11/01/2023 | 11/24/2016 | Book |
